000 00602nam a22001935i 4500
001 155753
003 ES-MaACL
005 20250716062632.0
008 040729q18901910fr |||| | fre d
040 _aCAM
_bspa
_cCAM
100 1 _aHugo, Victor,
_d1802-1885
_964627
245 1 0 _aTorquemada /
_cVictor Hugo.
260 _aParis :
_bJ. Hetzel,
_c[s.a.] (
_fLib.-Imp. réunies)
300 _a164 p. ;
_c18 cm.
490 1 _aOeuvres completes de Victor Hugo. Drame
830 0 _aOeuvres completes de Victor Hugo. Drame
_9187961
852 _aES-MaACL
_jG-3104
_z-- Enc. hol.
999 _c155753
_d155753